Saved by the bell cast Quiz Stats

 Plays Quiz not verified by Sporcle

Challenge
Share
Tweet
Embed
Score 0/7 Timer 05:00
0 Plays Today
actor/actress charachter % Correct
Tiffani-Amber Thiessenkelly kapowski
97.7%
Mark-Paul Gosselaarzack morris
97.2%
Mario Lopezac slater
96.7%
Dustin Diamondsamuel powers
95.8%
Lark Voorhieslisa turtle
94.9%
Dennis Haskinsrichard belding
94%
Elizabeth Berkleyjessie spano
93%

You're not logged in!

Compare scores with friends on all Sporcle quizzes.
OR
Log In

You Might Also Like...

Show Comments

Extras

Top Quizzes Today


Score Distribution

Your Account Isn't Verified!

In order to create a playlist on Sporcle, you need to verify the email address you used during registration. Go to your Sporcle Settings to finish the process.

Report this User

Report this user for behavior that violates our Community Guidelines.

Details: